[Event "Helsingor Xtracon op"]
[Site "Helsingor"]
[Date "2019.07.23"]
[Round "5"]
[White "Opseth, Oliver"]
[Black "Bering, Anders"]
[Result "1-0"]
[WhiteElo "1714"]
[BlackElo "1999"]
[PlyCount "79"]
[EventDate "2019.07.20"]
[EventType "swiss"]
[EventRounds "10"]
[EventCountry "DEN"]
[SourceTitle "CBM 191 Extra"]
[Source "ChessBase"]
[SourceDate "2019.09.30"]
[SourceVersion "1"]
[SourceVersionDate "2019.09.30"]
[SourceQuality "1"]

1. d4 Nf6 2. Bf4 d5 3. e3 c5 4. c3 Nc6 5. Bd3 Qb6 6. Ne2 c4 7. Bc2 Qxb2 8. Nd2 Qb6 9. e4 e6 10. 0-0 Be7 11. Ng3 Bd7 12. Be3 Qa5 13. e5 Ng8 14. Qg4 g6 15. Ne2 0-0-0 16. f4 h5 17. Qf3 Nh6 18. a4 Ng4 19. Rfb1 Qc7 20. Rb5 Na5 21. Rb2 Rdg8 22. Nb1 g5 23. f5 Nxe3 24. Qxe3 exf5 25. Qf3 Be6 26. Bxf5 b6 27. Rb5 g4 28. Qf1 Nb3 29. Ra2 Qc6 30. Nf4 a6 31. Nxd5 Bd8 32. Nb4 Qb7 33. Qxc4+ Nc5 34. Nxa6 Bxf5 35. Nxc5 Qc6 36. Qxf7 Bxb1 37. d5 Bxa2 38. Qf5+ Kb8 39. dxc6 Rg7 40. e6 1-0

[Event "Helsingor Xtracon op"]
[Site "Helsingor"]
[Date "2018.07.21"]
[Round "1"]
[White "Bering, Anders"]
[Black "Mansoor, Areeb"]
[Result "1-0"]
[WhiteElo "1995"]
[BlackElo "1205"]
[PlyCount "59"]
[EventDate "2018.07.21"]
[EventType "swiss"]
[EventRounds "10"]
[EventCountry "DEN"]
[SourceTitle "CBM 185 Extra"]
[Source "ChessBase"]
[SourceDate "2018.07.29"]
[SourceVersion "1"]
[SourceVersionDate "2018.07.29"]
[SourceQuality "1"]

1. e4 e5 2. Nf3 Nc6 3. Bb5 a6 4. Ba4 Nf6 5. 0-0 Bc5 6. c3 b5 7. Bc2 d6 8. d4 exd4 9. cxd4 Ba7 10. h3 Bb7 11. Nc3 Qd7 12. e5 Ng8 13. exd6 Qxd6 14. Ne4 Qd5 15. Bb3 Qf5 16. Ng3 Qg6 17. Bf4 Qf6 18. Bg5 Qd6 19. Nf5 Qg6 20. Bc2 h6 21. Re1+ Kf8 22. Nxh6 Qd6 23. Nf5 Qg6 24. Ng3 Qd6 25. Ne4 Qd5 26. Bb3 Qf5 27. Rc1 Qd7 28. d5 Nb4 29. Nc5 Bc8 30. Nxd7+ 1-0

[Event "Helsingor Xtracon op"]
[Site "Helsingor"]
[Date "2017.07.30"]
[Round "10"]
[White "Skovgaard, Emil"]
[Black "Bering, Anders"]
[Result "0-1"]
[WhiteElo "1764"]
[BlackElo "1940"]
[PlyCount "74"]
[EventDate "2017.07.22"]
[EventType "swiss"]
[EventRounds "10"]
[EventCountry "DEN"]
[SourceTitle "CBM 179 Extra"]
[Source "ChessBase"]
[SourceDate "2017.08.23"]
[SourceVersion "1"]
[SourceVersionDate "2017.08.23"]
[SourceQuality "1"]

1. d4 Nf6 2. c4 e6 3. Nc3 Bb4 4. e3 c5 5. Bd3 Nc6 6. Nf3 d6 7. 0-0 Bxc3 8. bxc3 e5 9. Bc2 0-0 10. e4 Qe7 11. d5 Na5 12. Nd2 b6 13. Qe2 Ba6 14. Bd3 g6 15. Nb3 Nh5 16. g3 Nxb3 17. axb3 Bc8 18. Qf3 Bh3 19. Re1 f5 20. exf5 Bxf5 21. Bxf5 Rxf5 22. Qd3 Qf7 23. Ra2 Rf8 24. Qe2 a5 25. Bh6 Ng7 26. h4 Rf3 27. Rc1 Qf5 28. Qf1 Rf7 29. Qg2 Qg4 30. Bxg7 Kxg7 31. Kh2 g5 32. hxg5 Qxg5 33. Rcc2 Qg4 34. Qh3 Qxh3+ 35. Kxh3 Rd3 36. b4 axb4 37. cxb4 cxb4 0-1

[Event "Helsingor Xtracon op"]
[Site "Helsingor"]
[Date "2017.07.25"]
[Round "5"]
[White "Bering, Anders"]
[Black "Shehzad, Shazil Khan"]
[Result "0-1"]
[WhiteElo "1940"]
[BlackElo "1678"]
[PlyCount "88"]
[EventDate "2017.07.22"]
[EventType "swiss"]
[EventRounds "10"]
[EventCountry "DEN"]
[SourceTitle "CBM 179 Extra"]
[Source "ChessBase"]
[SourceDate "2017.08.23"]
[SourceVersion "1"]
[SourceVersionDate "2017.08.23"]
[SourceQuality "1"]

1. e4 c5 2. Nf3 e6 3. d4 cxd4 4. Nxd4 a6 5. Bd3 Bc5 6. Nb3 Be7 7. 0-0 Qc7 8. c4 d6 9. Nc3 b6 10. Be3 Bb7 11. Rc1 Nd7 12. f4 Ngf6 13. Qe2 Rc8 14. h3 h5 15. f5 Ne5 16. fxe6 fxe6 17. Nd4 Qd7 18. b3 Bd8 19. Bb1 Nc6 20. Rcd1 Ne5 21. Bf4 Qe7 22. Nf3 Bc7 23. Nxe5 dxe5 24. Be3 Qb4 25. Rc1 Bd6 26. Kh2 Bc5 27. Bd2 Qa3 28. Bg5 Bd4 29. Bxf6 gxf6 30. Qf3 Rh6 31. Ne2 Kf7 32. Rcd1 Qd6 33. Ng3 Rch8 34. Rd3 h4 35. Nh1 Rg8 36. Nf2 f5 37. Qd1 Ke7 38. Rd2 Rhg6 39. Nh1 fxe4 40. Nf2 Rxg2+ 41. Kh1 e3 42. Be4 exf2 43. Bxb7 Rg1+ 44. Kh2 e4# 0-1

[Event "Helsingor Xtracon op"]
[Site "Helsingor"]
[Date "2017.07.23"]
[Round "3"]
[White "Bering, Anders"]
[Black "Huse, Arne Kjelsbol"]
[Result "1-0"]
[WhiteElo "1940"]
[BlackElo "1352"]
[PlyCount "69"]
[EventDate "2017.07.22"]
[EventType "swiss"]
[EventRounds "10"]
[EventCountry "DEN"]
[SourceTitle "CBM 179 Extra"]
[Source "ChessBase"]
[SourceDate "2017.08.23"]
[SourceVersion "1"]
[SourceVersionDate "2017.08.23"]
[SourceQuality "1"]

1. e4 e5 2. Bc4 Nf6 3. d4 Nc6 4. d5 Ne7 5. Nc3 Ng6 6. h4 Bc5 7. h5 Ne7 8. Bg5 Neg8 9. Qd2 d6 10. f3 a6 11. 0-0-0 Bd7 12. Nge2 Qe7 13. Ng3 0-0-0 14. Nf5 Bxf5 15. exf5 h6 16. Be3 Bxe3 17. Qxe3 Kb8 18. g4 Nd7 19. Ne4 Ngf6 20. Be2 Nxe4 21. fxe4 f6 22. b4 b5 23. a4 bxa4 24. Bxa6 Nb6 25. Bb5 Rdf8 26. Rh2 Rf7 27. c4 Qd8 28. c5 Nc8 29. Bxa4 Na7 30. Ra2 Qc8 31. Rd3 Qb7 32. Rda3 Kc8 33. Bc6 Nxc6 34. dxc6 Qxb4 35. Ra8+ 1-0

[Event "Politiken Cup 37th"]
[Site "Helsingor"]
[Date "2015.07.30"]
[Round "7"]
[White "Bering, Anders"]
[Black "Ranaldi, Lucas"]
[Result "1/2-1/2"]
[WhiteElo "1996"]
[BlackElo "2142"]
[PlyCount "126"]
[EventDate "2015.07.25"]
[EventType "swiss"]
[EventRounds "10"]
[EventCountry "DEN"]
[SourceTitle "CBM 167 Extra"]
[Source "ChessBase"]
[SourceDate "2015.09.14"]
[SourceVersion "1"]
[SourceVersionDate "2015.09.14"]
[SourceQuality "1"]

1. e4 c5 2. Nf3 d6 3. Bb5+ Bd7 4. Bxd7+ Qxd7 5. 0-0 Nc6 6. c3 Nf6 7. Re1 g6 8. d4 Bg7 9. d5 Na5 10. Nbd2 Ng4 11. h3 Ne5 12. Nxe5 Bxe5 13. Qe2 b5 14. Nf3 0-0 15. Nxe5 dxe5 16. Bh6 Rfc8 17. f4 exf4 18. Bxf4 a6 19. Rad1 Nb7 20. e5 e6 21. Qe4 exd5 22. Rxd5 Qe6 23. Bg5 Rc7 24. Bf6 Qe8 25. Qe3 Nd8 26. Rxc5 Rxc5 27. Qxc5 Ne6 28. Qd5 Rc8 29. Rd1 Qc6 30. Qxc6 Rxc6 31. Rd6 Rxd6 32. exd6 Nc5 33. b3 Kf8 34. c4 Ke8 35. Bd4 Ne6 36. Be3 bxc4 37. bxc4 Kd7 38. c5 f5 39. Kf1 Kc6 40. Ke2 Nf8 41. Kf3 Ne6 42. h4 Kd5 43. Ke2 Kc6 44. Kd2 Nd8 45. Kc3 Ne6 46. Kb4 Kb7 47. Ka5 Nf8 48. Bf4 Nd7 49. c6+ Kxc6 50. Kxa6 Nc5+ 51. Ka5 Nd3 52. g3 Nc5 53. Kb4 Ne4 54. Kc4 h6 55. Be5 g5 56. h5 f4 57. gxf4 gxf4 58. Bxf4 Nf6 59. Bxh6 Nxh5 60. Bf8 Nf6 61. Kb4 Ne8 62. Ka5 Nxd6 63. Bxd6 Kb7 1/2-1/2

[Event "Politiken Cup 27th"]
[Site "Copenhagen"]
[Date "2005.07.17"]
[Round "2"]
[White "Hvenekilde, Jorgen"]
[Black "Bering, Anders"]
[Result "1/2-1/2"]
[WhiteElo "2227"]
[BlackElo "2055"]
[PlyCount "142"]
[EventDate "2005.07.16"]
[EventType "swiss"]
[EventRounds "10"]
[EventCountry "DEN"]
[SourceTitle "CBM 107 Extra"]
[Source "ChessBase"]
[SourceDate "2005.09.01"]
[SourceVersion "1"]
[SourceVersionDate "2005.09.01"]
[SourceQuality "1"]

1. d4 Nf6 2. Bg5 b6 3. Nd2 Bb7 4. Ngf3 e6 5. e4 Be7 6. Bd3 c5 7. c3 d6 8. 0-0 Nbd7 9. Qe2 0-0 10. Rfd1 Qc7 11. e5 dxe5 12. dxe5 Nd5 13. c4 Bxg5 14. cxd5 Bxd2 15. d6 Qd8 16. Rxd2 Bxf3 17. Qxf3 Nxe5 18. Bxh7+ Kxh7 19. Qh5+ Kg8 20. Qxe5 Qd7 21. Re1 Rae8 22. Re3 f6 23. Qh5 f5 24. f4 Rf6 25. Qe2 Kf7 26. Ra3 Kg8 27. h3 Rd8 28. Qe5 Rg6 29. Rdd3 Qc6 30. Rg3 Rxg3 31. Rxg3 Qd7 32. Rg6 Re8 33. h4 Kh7 34. h5 Qf7 35. b3 Qd7 36. Kh2 Qf7 37. Kh3 Qd7 38. Kh4 Qd8+ 39. Kh3 Qd7 40. Kh2 Qf7 41. a4 Qd7 42. g4 fxg4 43. Kg3 Qf7 44. Kxg4 Qd7 45. Kg3 Qf7 46. Kh4 Qb7 47. Kg3 Qf7 48. Qe4 Kh8 49. Qe5 Kh7 50. Kf2 Rg8 51. Ke3 Re8 52. Kd2 Qd7 53. Kc3 Qb7 54. Kb2 Qd7 55. Ka3 Qf7 56. Qe4 Qf5 57. Qe5 Qf7 58. Qe4 Qf5 59. Qxf5 exf5 60. d7 Rd8 61. Rd6 Kg8 62. Rd5 Kf7 63. Rxf5+ Ke6 64. Re5+ Kd6 65. b4 Rxd7 66. bxc5+ bxc5 67. Kb3 Rb7+ 68. Kc3 Rb4 69. Rg5 Rxf4 70. Rxg7 Rxa4 71. h6 Rh4 1/2-1/2

[Event "Politiken Cup 26th"]
[Site "Copenhagen"]
[Date "2004.07.30"]
[Round "8"]
[White "Jorgensen, Dennis"]
[Black "Bering, Anders"]
[Result "1-0"]
[WhiteElo "2180"]
[BlackElo "2084"]
[PlyCount "45"]
[EventDate "2004.07.24"]
[EventType "swiss"]
[EventRounds "10"]
[EventCountry "DEN"]
[SourceTitle "CBM 101 Extra"]
[Source "ChessBase"]
[SourceDate "2004.09.01"]
[SourceVersion "2"]
[SourceVersionDate "2004.09.01"]
[SourceQuality "1"]

1. Nf3 Nf6 2. d4 e6 3. c4 d5 4. Nc3 dxc4 5. e3 a6 6. a4 c5 7. Bxc4 Nc6 8. 0-0 Be7 9. Qe2 0-0 10. Rd1 cxd4 11. exd4 Nb4 12. Bg5 Nfd5 13. Bxe7 Nxe7 14. Ne5 Ned5 15. Ne4 b6 16. Ra3 Bb7 17. Rg3 Nf4 18. Qg4 Ng6 19. Ng5 Nd5 20. Nxh7 Qh4 21. Qxh4 Nxh4 22. Bxd5 Bxd5 23. Nf6+ 1-0

[Event "DEN-ch M7 "]
[Site "Koge"]
[Date "2004.??.??"]
[Round "2"]
[White "Andersen, Rune"]
[Black "Bering, Anders"]
[Result "1/2-1/2"]
[WhiteElo "2068"]
[BlackElo "2065"]
[PlyCount "46"]
[EventDate "2004.04.06"]
[EventType "swiss"]
[EventRounds "7"]
[EventCountry "DEN"]
[SourceTitle "EXT 2018"]
[Source "ChessBase"]
[SourceDate "2017.10.13"]
[SourceVersion "1"]
[SourceVersionDate "2017.10.13"]
[SourceQuality "1"]

1. d4 Nf6 2. c4 e6 3. Nc3 d5 4. Nf3 dxc4 5. Bg5 Bb4 6. e4 c5 7. dxc5 Qxd1+ 8. Rxd1 Nc6 9. Bxf6 gxf6 10. Bxc4 a6 11. 0-0 Bxc5 12. Rd2 Ke7 13. a3 b5 14. Ba2 Bb7 15. Rc1 Bb6 16. b4 Rhd8 17. Rdc2 Nd4 18. Nxd4 Rxd4 19. Kf1 Rad8 20. f3 Rd3 21. Ke2 Re3+ 22. Kf1 Red3 23. Ke2 Re3+ 1/2-1/2

[Event "DEN-ch M7 "]
[Site "Koge"]
[Date "2004.??.??"]
[Round "4"]
[White "Bering, Anders"]
[Black "Larsen, Peter"]
[Result "1/2-1/2"]
[WhiteElo "2065"]
[BlackElo "2266"]
[PlyCount "54"]
[EventDate "2004.04.06"]
[EventType "swiss"]
[EventRounds "7"]
[EventCountry "DEN"]
[SourceTitle "EXT 2018"]
[Source "ChessBase"]
[SourceDate "2017.10.13"]
[SourceVersion "1"]
[SourceVersionDate "2017.10.13"]
[SourceQuality "1"]

1. e4 c5 2. Nf3 e6 3. d4 cxd4 4. Nxd4 Nf6 5. Nc3 Nc6 6. Be2 Bb4 7. 0-0 Bxc3 8. bxc3 Nxe4 9. Bd3 Nc5 10. Ba3 Qa5 11. Nb5 b6 12. Bb4 Nxb4 13. cxb4 Qxb4 14. Nc7+ Kd8 15. Nxa8 Bb7 16. Be2 Bxa8 17. Qd6 Na6 18. Qg3 Nc7 19. Bf3 Bxf3 20. Qxf3 Ke7 21. Rfe1 Qc5 22. Qg3 g6 23. Rad1 Nd5 24. Qh4+ Nf6 25. Rxd7+ Kxd7 26. Qxf6 Rf8 27. Rd1+ Kc8 1/2-1/2

[Event "Politiken Cup 25th"]
[Site "Copenhagen"]
[Date "2003.07.24"]
[Round "10"]
[White "Bering, Anders"]
[Black "Royset, Pal"]
[Result "0-1"]
[WhiteElo "2101"]
[BlackElo "2252"]
[PlyCount "54"]
[EventDate "2003.07.14"]
[EventType "swiss"]
[EventRounds "11"]
[EventCountry "DEN"]
[SourceTitle "CBM 095 Extra"]
[Source "ChessBase"]
[SourceDate "2003.09.04"]
[SourceVersion "1"]
[SourceVersionDate "2003.09.04"]
[SourceQuality "1"]

1. e4 c5 2. Nf3 e6 3. d4 cxd4 4. Nxd4 Nf6 5. Nc3 d6 6. Be2 Be7 7. f4 a6 8. 0-0 Qc7 9. Be3 Nc6 10. Bf3 Bd7 11. a4 Na5 12. Nb3 Nc4 13. Bc1 0-0 14. Qd3 Rac8 15. Kh1 Qb6 16. Rb1 Rfd8 17. Nd2 Ne3 18. Re1 Neg4 19. Nd1 Bxa4 20. b3 Bc6 21. Qe2 h5 22. h3 Nh6 23. Bxh5 d5 24. Bf3 dxe4 25. Nxe4 Nf5 26. Nxf6+ Bxf6 27. Bxc6 Ng3+ 0-1